Państwa z budynkami wyższymi niż góry - Statystyki

Ogólne statystyki
  • Ten quiz został rozwiązany 2 579 razy
  • Średni wynik to 6 z 10
Statystyki odpowiedzi
Budynek Państwo Góra Kontynent % Poprawnych
301 m Katar 109 m Azja
77%
284 m Singapur 164 m Azja
73%
137 m Watykan 75 m Europa
70%
170 m Monako 161 m Europa
69%
270 m Bahrajn 122 m Azja
67%
413 m Kuwejt 291 m Azja
66%
16 m Tuvalu 5 m Oceania
56%
100 m Malediwy 5 m Azja
52%
15 m Wyspy Marshalla 10 m Oceania
51%
93 m Bahamy 63 m Ameryka Płn.
48%
Nie znaleziono quizów pasujących do podanych kryteriów
Rozkład punktacji
Procent ludzi z każdym wynikiem
Percentyl według liczby udzielonych odpowiedzi
Twoja historia wyników
Nie rozwiązałeś tego quizu